000
00284nam a2200085Ia 4500
008
220204s9999 xx 000 0 und d
082
_a
35.08(047)
_b
IND
245
0
_a
Commission of enquiry on emoluments and conditions of service of central government employees 1957-59:Report
942
_c
BK
999
_c
20187
_d
20187